One Piece - Supernovaes et leur équipage - Statistiques

Statistiques générales
  • Ce quiz a été pris 2 309 fois
    2 280 depuis la dernière actualisation
  • Le résultat moyen est 20 sur 32
Statistiques - réponses
Je verrais après % Correct
Monkey D. Luffy
99%
Eustass Kid
98%
Roronoa Zoro
98%
Trafalgar D. Water Law
98%
Nami
97%
Vinsmoke Sanji
97%
Nico Robin
96%
Tony Tony Chopper
96%
Brook
95%
Franky
95%
Usopp
94%
Killer
93%
Urouge
89%
Bepo
88%
Jewerly Bonney
88%
Basil Hawkins
86%
Capone Bege
85%
X. Drake
84%
Scratchmen Apoo
81%
Penguin
37%
Jean Bart
30%
Charlotte Chiffon
29%
Vito
26%
Heat
25%
Capone Pez
18%
Shachi
18%
Wire
15%
Faust
9%
Gotty
9%
Ikkaku
8%
Clione
7%
Uni
7%
Aucun quiz correspondant
Distribution des résultats
% des personnes avec chaque résultat
Percentile par nombre de réponses
Votre historique - résultats
Vous n’avez pas pris ce quiz depuis la dernière actualisation